000 00786nam a2200289Ia 4500
003 OSt
005 20220918164520.0
006 a|||||r|||| 00| 0
007 ta
008 220917b |||||||| |||| 00| 0 eng d
020 _a0670058483
024 _a225,540
037 _cTextual
040 _aARTS
_cARTS
_beng
041 _2eng
_aeng
082 _aO41,1x, 111P5
100 _aWang Wei
_919271
245 0 _aThree chinese poets
260 _aNew Delhi
_bPenguin Viking India
_c2005
300 _axxxv, 64p.
_ccm.
650 _aENGLISH LITERATURE
700 _a Bai Li
_919272
700 _a Fu Du
_919273
700 _a Vikram Seth Tr.
_919274
942 _hO41,1x, 111P5
_cTEXL
_2CC
999 _c125138
_d125138